| 000 | 02593nam0a2200409 4500 | ||
|---|---|---|---|
| 001 | RU\NLR\BIBL_A\022534058 | ||
| 005 | 20250708113708.0 | ||
| 010 |
_a978-5-91837-939-4 _9100 |
||
| 021 |
_aRU _bКН-П-25-014157 _9КН-П-25-1441 |
||
| 035 | _a(NLR Aleph) 022534058 | ||
| 090 |
_a13450629 _c13450629 |
||
| 100 | _a20250430d2024 u y0rusy50 ca | ||
| 101 | 0 | _arus | |
| 102 | _aRU | ||
| 105 | _ay j 000yy | ||
| 181 | 0 |
_ai4 _baxxe |
|
| 182 | 0 | _an | |
| 200 | 1 |
_aУголовное право. Общая часть _eучебник _eдля курсантов и слушателей образовательных организаций высшего образования системы МВД России _fНикуленко А. В., Денисов С. А., Баранчикова М. В. [и др.] _gпод общей редакцией доктора юридических наук, профессора А. В. Никуленко _gМВД России, Санкт-Петербургский университет |
|
| 203 |
_aТекст _bвизуальный _cнепосредственный |
||
| 205 | _a2-е изд., перераб. и доп. | ||
| 210 |
_aСанкт-Петербург _cСПбУ МВД России _d2024 |
||
| 215 |
_a423 с. _d21 |
||
| 300 | _aАвт. указаны на обороте тит. л. | ||
| 300 | _aВ вып. дан. авт.: Никуленко А. В., д-р юрид. наук, проф., Денисов С. А., д-р юрид. наук, проф., Баранчикова М. В., канд. юрид. наук, доц. [и др.] | ||
| 320 | _aБиблиогр. в конце глав и в подстроч. примеч. | ||
| 606 | 1 |
_aУголовное право _jУчебники для высших учебных заведений _xОбщая часть _yРоссийская Федерация _92078722 _3RU\NLR\AUTH\661254586 |
|
| 686 | 1 | _aХ628.1я73 | |
| 701 | 1 |
_aНикуленко _bА. В. _f1974- _gАндрей Вячеславович |
|
| 701 | 1 |
_7ca _8rus _aДенисов _bС. А. _cд-р юрид. наук, уголов. право _gСергей Анатольевич _939606 _3RU\NLR\AUTH\7756674 |
|
| 701 | 1 |
_aБаранчикова _bМ. В. _gМарина Вячеславовна |
|
| 712 | 0 | 2 |
_4570 _aСанкт-Петербургский университет МВД России _9524791 _3RU\NLR\AUTH\8810013450 |
| 942 | _cBOOK | ||
| 980 | _aNB | ||
| 980 | _aNB | ||